| 000 | 00868nam a2200229Ia 4500 | ||
|---|---|---|---|
| 008 | 160114s9999 xx 000 0 und d | ||
| 020 | _a0-439473152 | ||
| 050 | _aFic | ||
| 050 | _b.C637 2003 | ||
| 100 | _aHerman, Gail | ||
| 245 |
_aClifford the big red detective / _cadapted by Gail Herman from the television script "The doggie detectives" by Larry Swerdlove ; illustrated by Robbin Cuddy. |
||
| 260 |
_aNew York : _bScholastic Inc . _c2003 |
||
| 300 |
_a64 pages; _bcolor illustrations ; _c20 cm. |
||
| 440 | _a Clifford big red chapter book, | ||
| 440 | _v#1 | ||
| 500 | _aBased on the Scholastic book series "Clifford the big red dog" by Norman Bridwell. | ||
| 650 | _aClifford (Fictitious character : Bridwell) -- | ||
| 650 | _aDetective and mystery stories. | ||
| 650 | _aDogs -- | ||
| 650 | _xJuvenile fiction. | ||
| 650 | _xJuvenile fiction. | ||
| 999 |
_c290387 _d290387 |
||